Lengua castellana y comunicación 4§ medio: texto del profesor

Na minha lista:
Detalhes bibliográficos
Principais autores: Carreño Bolívar, Rubí (Autor), Santos López, Danilo (Autor), Soto Vergara, Guillermo (Autor), Vera Burton, Claudia (Autor), González Pérez, Victoria (Autor)
Outros Autores: Páez Herrera, Gloria (autora)
Formato: Livro
Idioma:espanhol
Publicado em: Santiago Antártica Quebecor 2001
Assuntos:
Tags: Adicionar Tag
Sem tags, seja o primeiro a adicionar uma tag!

MARC

LEADER 00000nam a2200000 a 4500
001 UCN8188
003 CL-VaPUC
008 011109e20010100CL |||||||||||||||||spa|d
082 0 4 |a 407.12  |b CAR  |2 21 
100 |a Carreño Bolívar, Rubí  |e author  |9 464401 
700 |a Páez Herrera, Gloria  |e autora  |9 599274 
700 0 |a Santos López, Danilo  |e author  |9 464408 
700 0 |a Soto Vergara, Guillermo  |e author  |9 464409 
700 0 |a Vera Burton, Claudia  |e author  |9 464410 
700 0 |a González Pérez, Victoria  |e author  |9 464411 
245 1 0 |a Lengua castellana y comunicación 4§ medio: texto del profesor 
300 |a 464 p 
942 |c BK 
945 |d 20011109 00:00:00  |a cmena 
260 |a Santiago  |b Antártica Quebecor  |c 2001 
650 0 |a Educación lingüística  |9 306506 
650 0 |a Libros de texto  |9 270019 
650 0 |a Métodos de enseñanza  |9 270413 
583 |a last modification  |c 20011109 00:00:00  |k Rodrigo Vera 
999 |c 298217  |d 298215 
952 |0 0  |1 0  |4 0  |6 407_120000000000000_CAR_2001  |7 0  |8 P  |9 353640  |a BIBEDU  |b BIBEDU  |c BIBEDU_PB  |d 2019-11-21  |i 3768678  |o 407.12 CAR 2001  |p 3768678  |r 2019-11-21  |w 2019-11-21  |y BK  |k BME